[Event "11th Dubai Open"]
[Site "Dubai UAE"]
[Date "2009.04.26"]
[Round "1"]
[White "Gopal,G"]
[Black "Saud,M"]
[Result "1-0"]
[WhiteElo "2572"]
[BlackElo "2135"]

1.e4 d5 2.exd5 Qxd5 3.Nc3 Qd6 4.d4 a6 5.g3 Nf6 6.Bg2 Bg4 7.Nge2 Nc6 8.Bf4 e5
9.dxe5 Nxe5 10.Bxb7 Rb8 11.Bg2 Rxb2 12.Qc1 Rb4 13.O-O Be7 14.Qe3 Rxf4 15.Nxf4 O-O
16.Rfe1 Nfd7 17.h3 Bf5 18.Rad1 Qc5 19.Rd5 Qxe3 20.Rxe3 Bd6 21.Be4 Be6 22.Nxe6 fxe6
23.Rd1 Bc5 24.Re2 Nb6 25.Kg2 Nec4 26.Bd3 Nb2 27.Rde1 Nxd3 28.cxd3 Rd8 29.Ne4 Bb4
30.Rc1 c5 31.Nxc5  1-0

[Event "NK Jeugd A"]
[Site "Venlo NED"]
[Date "2009.04.29"]
[Round "6"]
[White "Meurs,T"]
[Black "Van der Knijff,R"]
[Result "1/2-1/2"]
[WhiteElo "2178"]
[BlackElo "1981"]

1.e4 d5 2.exd5 Qxd5 3.Nc3 Qd6 4.d4 g6 5.Bc4 Bg7 6.Nge2 Nf6 7.Bf4 Qd8 8.Qd2 O-O
9.O-O c6 10.Bb3 Nbd7 11.Bh6 Nb6 12.Rad1 Nbd5 13.Bxg7 Kxg7 14.Nf4 b6 15.Rfe1 Ba6
16.Ncxd5 cxd5 17.Re5 Bb7 18.f3 Qd6 19.Rde1 e6 20.Nh5+ Nxh5 21.Rxh5 gxh5 22.Qg5+ Kh8
23.Qf6+ Kg8 24.Re5 Rfc8 25.Qh6 f5 26.Rxe6 Qf8 27.Qg5+ Kh8 28.Re7 Bc6 29.Qe3 Re8
30.Qe5+ Kg8 31.Qe6+ Kh8 32.Qe5+ Kg8 33.Bxd5+ Bxd5 34.Qxd5+ Kh8 35.Qe5+ Kg8
36.Qd5+  1/2-1/2

[Event "TOP 16 GpB"]
[Site "Chalons en Champagne FRA"]
[Date "2009.04.30"]
[Round "4"]
[White "Sebag,M"]
[Black "Fontaine,R"]
[Result "1-0"]
[WhiteElo "2527"]
[BlackElo "2546"]

1.e4 d5 2.exd5 Qxd5 3.Nc3 Qd6 4.d4 Nf6 5.Nf3 c6 6.h3 Bf5 7.Bd3 Bxd3 8.Qxd3 Nbd7
9.O-O e6 10.Ne4 Nxe4 11.Qxe4 Nf6 12.Qe2 Be7 13.c4 O-O 14.Re1 Rad8 15.Bd2 Rfe8
16.Ba5 Rb8 17.Bc3 b5 18.d5 cxd5 19.Be5 Qb6 20.Bxb8 Rxb8 21.cxd5 Nxd5 22.Ne5 Rd8
23.Rac1 Bg5 24.Qh5 Bxc1 25.Qxf7+ Kh8 26.Rxc1 Qd6 27.Qh5 Kg8 28.Qf7+ Kh8 29.f4 Rf8
30.Rc6 Qe7 31.Qxe7 Nxe7 32.Rxe6 Nd5 33.f5 Nf4 34.Re7 a6 35.Nd7 Rd8 36.Nc5 h5
37.Re4 Rd1+ 38.Kh2 Nd5 39.Re8+ Kh7 40.Ne4 g6 41.f6 Nxf6 42.Re7+  1-0

[Event "11th Dubai Open"]
[Site "Dubai UAE"]
[Date "2009.04.30"]
[Round "5"]
[White "Ramnath,B"]
[Black "Milanovic,Da"]
[Result "1/2-1/2"]
[WhiteElo "2273"]
[BlackElo "2564"]

1.e4 d5 2.exd5 Qxd5 3.Nc3 Qd6 4.d4 Nf6 5.Nf3 c6 6.Ne5 Nbd7 7.Nc4 Qc7 8.Qf3 Nb6
9.Bf4 Qd7 10.Be5 Qg4 11.Qxg4 Bxg4 12.Ne3 Be6 13.a4 Nbd5 14.Nexd5 Nxd5 15.Bc4 Rd8
16.Nxd5 Bxd5 17.Bxd5 Rxd5 18.c4 Rd7 19.O-O-O e6 20.d5 cxd5 21.cxd5 Rxd5 22.Rxd5 exd5
23.Bd4 a6 24.Re1+ Kd7 25.Re5 Bd6 26.Rxd5 Ke6 27.Rh5 f6 28.Rh3 h6 29.Bc3 Bf4+
30.Kd1 Rd8+ 31.Ke2 Kf5 32.Rf3 Ke4 33.h3 Rd7 34.Be1 Rc7 35.Bc3 Rd7 36.Be1 Rc7
37.Bc3 Rc4 38.a5 Rc6 39.g3 Bc7 40.Re3+ Kd5 41.Kd3 Re6 42.Rxe6 Kxe6 43.Ke4 f5+
44.Kd4 Bd6 45.f4 g6 46.Kc4 Be7 47.Bd4 h5 48.h4 Kd7 49.b4 Kc6 50.Bc5 Bxc5
51.bxc5 Kc7 52.Kd5 Kd7 53.Kd4 Kc6 54.Kc4 Kc7 55.Kd5 Kd7 56.Kd4 Kc6 57.Kc4  1/2-1/2

[Event "41st TCh-ITA"]
[Site "Senigallia ITA"]
[Date "2009.04.30"]
[Round "2"]
[White "Valsecchi,A"]
[Black "Borgo,G"]
[Result "0-1"]
[WhiteElo "2363"]
[BlackElo "2440"]

1.e4 d5 2.exd5 Qxd5 3.Nc3 Qd6 4.Nf3 Nf6 5.d4 c6 6.Ne5 Nbd7 7.Bf4 Nd5 8.Nxd5 Qxd5
9.Qd2 f6 10.Nf3 c5 11.dxc5 Qxd2+ 12.Bxd2 Nxc5 13.O-O-O e5 14.Be3 Be6 15.Bb5+ Kf7
16.Nd2 Be7 17.Bxc5 Bxc5 18.Ne4 Be7 19.Kb1 Rhd8 20.Ba4 f5 21.Nc3 Bb4 22.Ne2 Kf6
23.Bb3 Bd7 24.a3 Ba5 25.Rd6+ Ke7 26.Rhd1 Bc7 27.R6d2 Bc6 28.Bd5 Bxd5 29.Rxd5 Rxd5
30.Rxd5 Ke6 31.c4 g5 32.Nc3 Rd8 33.Rxd8 Bxd8 34.Kc2 e4 35.Nd5 Ke5 36.Kc3 h5
37.b4 f4 38.h3 a6 39.a4 g4 40.hxg4 h4 41.Nxf4 Kxf4 42.Kd4 e3 43.Kd3 exf2
44.Ke2 Be7 45.b5 Bc5 46.a5 Kxg4 47.b6 Kf4  0-1

[Event "NK Jeugd A"]
[Site "Venlo NED"]
[Date "2009.05.01"]
[Round "8"]
[White "Smith,T"]
[Black "Van der Knijff,R"]
[Result "1/2-1/2"]
[WhiteElo "1955"]
[BlackElo "1981"]

1.e4 d5 2.exd5 Qxd5 3.Nc3 Qd6 4.d4 g6 5.Nge2 Nf6 6.Bf4 Qd8 7.Qd2 Bg7 8.O-O-O O-O
9.Ng3 a6 10.h4 c5 11.dxc5 Qxd2+ 12.Rxd2 Nc6 13.Bc4 e5 14.Bg5 Na5 15.Bxf6 Bxf6
16.Bd5 Kg7 17.Nce4 Be7 18.b4 Nc6 19.Bxc6 bxc6 20.c3 Be6 21.a3 a5 22.Kb2 Ra7
23.h5 Rfa8 24.Ra1 f5 25.Nd6 axb4 26.cxb4 Bf6 27.Ne2 e4+  1/2-1/2

[Event "4NCL 2008-9"]
[Site "Staverton ENG"]
[Date "2009.05.02"]
[Round "9"]
[White "Szabo,Krisz1"]
[Black "Grafl,F"]
[Result "1/2-1/2"]
[WhiteElo "2518"]
[BlackElo "2407"]

1.e4 d5 2.exd5 Qxd5 3.Nc3 Qd6 4.d4 Nf6 5.Nf3 a6 6.g3 Bg4 7.h3 Bh5 8.Bg2 Nc6
9.O-O O-O-O 10.Bf4 Qb4 11.g4 Bg6 12.a3 Qxb2 13.Qe1 e6 14.Ne5 Nd5 15.Nxd5 exd5
16.Nxc6 bxc6 17.Qa5 Bd6 18.Bxd6 Rxd6 19.Qxa6+ Kd7 20.a4 Qxd4 21.Rfe1 Rb8
22.a5 Qc5 23.c3 Rf6 24.Qe2 Re6 25.Qd2 Rxe1+ 26.Qxe1 Ra8 27.c4 Qxc4 28.Bf1 Bd3
29.Rc1 Bxf1 30.Rxc4 Bxc4 31.Qe5 f6 32.Qf5+ Ke7 33.Qxh7 Kf7 34.Qf5 Rd8 35.Qf4 Rd7
36.Qd4 Bb5 37.f3 Ke6 38.Kf2 Kd6 39.Qb4+ Ke6 40.Qd4 Kd6 41.Qb4+ Ke6 42.Qd4 Kd6  1/2-1/2

[Event "TOP 16 GpA"]
[Site "Mulhouse FRA"]
[Date "2009.05.03"]
[Round "7"]
[White "Muller,Ann"]
[Black "Dacalor,A"]
[Result "0-1"]
[WhiteElo "2163"]
[BlackElo "2038"]

1.e4 d5 2.exd5 Qxd5 3.Nc3 Qd6 4.d4 c6 5.Nf3 Bg4 6.Be2 Nf6 7.h3 Bh5 8.g4 Bg6
9.Ne5 Nd5 10.Nxd5 cxd5 11.c3 Nc6 12.Qa4 Kd8 13.Bf4 Nxe5 14.dxe5 Qb6 15.O-O-O e6
16.Bf3 Bc5 17.Bg5+ Kc8 18.Rhe1 Bxf2 19.Re2 h6 20.Bf4 Bc5 21.b4 Be7 22.Kb2 Qc6
23.Qb3 b5 24.Rd4 Rd8 25.Red2 Rb8 26.Qd1 Rb7 27.a3 Rc7 28.Qb3 Bh4 29.Rd1 Bf2
30.R4d2 Qb6 31.a4 bxa4 32.Qxa4 Be3 33.b5 Bxd2 34.Rxd2 Bd3  0-1

[Event "TOP 16 GpA"]
[Site "Mulhouse FRA"]
[Date "2009.05.03"]
[Round "7"]
[White "Kozakov,M"]
[Black "Gofshtein,L"]
[Result "1/2-1/2"]
[WhiteElo "2457"]
[BlackElo "2533"]

1.e4 d5 2.exd5 Qxd5 3.Nc3 Qd6 4.d4 Nf6 5.Nf3 a6 6.g3 Bg4 7.h3 Bh5 8.Bg2 Nc6
9.Be3 O-O-O 10.Qd2 e6 11.O-O-O Nd5  1/2-1/2

[Event "III Open"]
[Site "La Laguna ESP"]
[Date "2009.05.04"]
[Round "1"]
[White "Perez Castellano,S"]
[Black "Epishin,V"]
[Result "0-1"]
[WhiteElo "1874"]
[BlackElo "2591"]

1.e4 d5 2.exd5 Qxd5 3.Nc3 Qd6 4.d4 Nf6 5.Nf3 g6 6.Be2 Bg7 7.O-O O-O 8.h3 a6
9.Be3 b5 10.a3 Nbd7 11.Qd2 Bb7 12.Rad1 Rad8 13.Qc1 Nb6 14.Rfe1 Rfe8 15.Bf4 Qc6
16.Bf1 Nbd5 17.Nxd5 Nxd5 18.Bg3 Qb6 19.c3 c5 20.dxc5 Qxc5 21.c4 bxc4 22.Bxc4 e6
23.b4 Qf8 24.Bb3 Rc8 25.Qg5 Red8 26.Rc1 Bh6 27.Qe5 Rxc1  0-1

[Event "III Open"]
[Site "La Laguna ESP"]
[Date "2009.05.04"]
[Round "1"]
[White "Vega Gutierrez,S"]
[Black "Canizares Gil,P"]
[Result "1-0"]
[WhiteElo "2334"]
[BlackElo "1453"]

1.e4 d5 2.exd5 Qxd5 3.Nc3 Qd6 4.d4 a6 5.Nf3 Nf6 6.Be3 Qb4 7.a3 Qa5 8.Ne5 Nbd7
9.b4 Qb6 10.d5 c5 11.dxc6 Qc7 12.Nxd7 Nxd7 13.cxd7+ Bxd7 14.Nd5 Qc8 15.Bb6 f6
16.Nc7+ Kf7 17.Bc4+ e6 18.Nxa8 Qxc4 19.Qxd7+ Be7 20.Qd3 Qc6 21.O-O Rxa8 22.Qe3 g5
23.Rfd1 h5 24.Rd2 f5 25.Bc5 Bf6 26.Rad1 Re8 27.h4 f4 28.Rd7+ Kg8 29.Qd3 Bg7
30.Qg6  1-0

[Event "III Open"]
[Site "La Laguna ESP"]
[Date "2009.05.04"]
[Round "1"]
[White "Perez Castellano,S"]
[Black "Epishin,V"]
[Result "0-1"]
[WhiteElo "1874"]
[BlackElo "2591"]

1.e4 d5 2.exd5 Qxd5 3.Nc3 Qd6 4.d4 Nf6 5.Nf3 g6 6.Be2 Bg7 7.O-O O-O 8.h3 a6
9.Be3 b5 10.a3 Nbd7 11.Qd2 Bb7 12.Rad1 Rad8 13.Qc1 Nb6 14.Rfe1 Rfe8 15.Bf4 Qc6
16.Bf1 Nfd5 17.Nxd5 Nxd5 18.Bg3 Qb6 19.c3 c5 20.dxc5 Qxc5 21.c4 bxc4 22.Bxc4 e6
23.b4 Qf8 24.Bb3 Rc8 25.Qg5 Red8 26.Rc1 Nf6 27.Qe5  0-1

[Event "4NCL 2008-9"]
[Site "Staverton ENG"]
[Date "2009.05.04"]
[Round "11"]
[White "Webb,L"]
[Black "Zeidler,S"]
[Result "0-1"]
[WhiteElo "2346"]
[BlackElo "2223"]

1.e4 d5 2.exd5 Qxd5 3.Nc3 Qd6 4.Bc4 Nf6 5.d3 a6 6.Nf3 b5 7.Bb3 Bb7 8.O-O e6
9.Qe2 Nbd7 10.Bg5 c5 11.a4 b4 12.Ne4 Qc6 13.Nfd2 Be7 14.Bxf6 gxf6 15.f4 f5
16.Ng3 h5 17.Rae1 O-O-O 18.Nc4 Ba8 19.Qf3 Qxf3 20.gxf3 Rdg8 21.Kf2 Kd8 22.Rg1 Bd5
23.a5 Bxc4 24.Bxc4 Bf6 25.Kf1 Bxb2 26.Bxa6 Kc7 27.Bc4 Nb8 28.Ne2 Rxg1+ 29.Nxg1 Nc6
30.a6 Nd4 31.Rb1 Bc3 32.Ne2 Nxe2 33.Kxe2 Rg8 34.Rh1 Bd4 35.Kd2 Kb6 36.Kc1 h4
37.h3 Rg3 38.Kd2 Rxf3 39.Ke2 Rf2+ 40.Kd1 Rxf4 41.Rh2 Rf3 42.Rh1 f4 43.Rh2 Rg3
44.Rh1 f3 45.Kd2 f2 46.Rf1 Rxh3  0-1

[Event "III Open"]
[Site "La Laguna ESP"]
[Date "2009.05.06"]
[Round "3"]
[White "Lestao Balseiro,A"]
[Black "Gonzalez Moreno,J"]
[Result "1-0"]
[WhiteElo "2197"]
[BlackElo "1719"]

1.e4 d5 2.exd5 Qxd5 3.Nc3 Qd6 4.Bc4 Nf6 5.d4 Bg4 6.f3 Bf5 7.Be3 Nc6 8.Qd2 Nb4
9.Bb3 Nbd5 10.O-O-O Nxe3 11.Qxe3 c6 12.Ne4 Bxe4 13.fxe4 e6 14.e5 Nd5 15.Qf2 Qd7
16.Rf1 b5 17.Nh3 a5 18.Ng5 Ra7 19.Ne4 a4 20.Bxd5 Qxd5 21.Nc3 Qd7 22.Ne4 h6
23.Kb1 b4 24.b3 Qd5 25.Nd2 c5 26.Nc4 axb3 27.cxb3 cxd4 28.Rc1 Bc5 29.Nd6+ Bxd6
30.Rc8+ Kd7 31.Rxh8 Qe4+ 32.Kb2 Qxe5 33.Re1 Qf6 34.Qxf6 gxf6 35.Rxh6 Ke7
36.g4 Bf4 37.Rh3 e5 38.Rd3 Ke6 39.Rxd4 Bxh2 40.Rxb4 Rd7 41.Re2 Bf4  1-0

[Event "III Open"]
[Site "La Laguna ESP"]
[Date "2009.05.06"]
[Round "4"]
[White "Damaso Tacoronte,C"]
[Black "Canizares Gil,P"]
[Result "1-0"]
[WhiteElo "1863"]
[BlackElo "1453"]

1.e4 d5 2.exd5 Qxd5 3.Nc3 Qd6 4.Nf3 c6 5.d4 Nf6 6.Be2 g6 7.Bg5 Nbd7 8.O-O Bg7
9.a3 b5 10.Bh4 e6 11.Bg3 Qe7 12.Ne5 Bb7 13.Bf3 Nd5 14.Nxc6 Qg5 15.Nxd5 exd5
16.Re1+ Kf8 17.Bd6+ Kg8 18.Ne7+ Kf8 19.Nxd5+ Kg8 20.Ne7+ Kf8 21.Bxb7 Qf6
22.Nxg6+ Kg8 23.Ne7+ Kf8 24.Bb4 a5 25.Nd5+ axb4 26.Nxf6 Bxf6 27.Bxa8 h5 28.axb4 Rh6
29.Bc6 Nb6 30.Re8+ Kg7 31.Qf3 Bh4 32.Qe4 Bf6 33.Ra7 Nd5  1-0

[Event "2nd Mayors Cup"]
[Site "Mumbai IND"]
[Date "2009.05.09"]
[Round "10"]
[White "Phadke,So1"]
[Black "Suvrajit,S"]
[Result "0-1"]
[WhiteElo "2253"]
[BlackElo "2380"]

1.e4 d5 2.exd5 Qxd5 3.Nc3 Qd6 4.d4 c6 5.Nf3 Nf6 6.Ne5 Nbd7 7.Bf4 Nd5 8.Nxd5 Qxd5
9.Nf3 Nb6 10.Be2 Bf5 11.Bg3 e6 12.O-O Be7 13.Rc1 Qxa2 14.b3 O-O 15.Bd3 Bxd3
16.Qxd3 Qa5 17.Ne5 Qd5 18.c4 Qd8 19.Rcd1 Nd7 20.f4 Nxe5 21.fxe5 a5 22.Kh1 Qd7
23.Qc2 b5 24.Bf4 a4 25.Rf3 axb3 26.Rxb3 Ra4 27.cxb5 cxb5 28.Qb2 b4 29.Bd2 Qd5
30.Rg1 Ra3  0-1

[Event "XXVIII Open"]
[Site "Zalakaros HUN"]
[Date "2009.05.11"]
[Round "4"]
[White "Antal,T"]
[Black "Sipos,J"]
[Result "1/2-1/2"]
[WhiteElo "2103"]
[BlackElo "2220"]

1.e4 d5 2.exd5 Qxd5 3.Nc3 Qd6 4.d4 Nf6 5.h3 a6 6.Bd3 Nc6 7.Nf3 Nb4 8.O-O g6
9.Ne5 Nxd3 10.Qxd3 Bg7 11.Bf4 Nd7 12.Nxf7 Qxf4 13.Nxh8 Bxh8 14.Nd5 Qd6 15.Qc4 Kf8
16.Nxc7 Nb6 17.Qc5 Rb8 18.c3 Bd7 19.Rfe1 Kf7 20.Qxd6 exd6 21.d5 Bf6 22.Rad1 Rc8
23.Ne6 Re8 24.Nf4 Rxe1+ 25.Rxe1 g5 26.Nh5 Be5 27.Rd1 Bb5 28.Ng3 Bc4 29.b3 Bxd5
30.c4 Bc6 31.Nf5 Nc8 32.Nd4 Be4 33.f3 Bg6 34.Kf2 Ke7 35.g3 Nb6 36.Ne2 Nd7
37.f4 gxf4 38.gxf4 Bf6 39.Ng3 Bh4 40.Kf3 Nc5 41.f5 Be8 42.Kg4 Bf6 43.Nh5 Be5
44.Nf4 Ne4 45.Nd5+ Kf8 46.Rg1 h5+ 47.Kf3 Nc5 48.b4 Nd3 49.Ke3 Nb2 50.Rc1 Bc6
51.Ke4 Na4 52.Kd3 Kf7 53.Ne3 Kf6 54.Rg1 Nb2+ 55.Ke2 Be8 56.Rc1 Bf7 57.Rc2 h4
58.Ng4+ Kxf5 59.Nxe5 dxe5 60.Rxb2 Bxc4+ 61.Ke3 Be6 62.a4 Kg5 63.Rg2+ Kf6
64.a5 Bxh3 65.Rh2 Bd7 66.Rxh4 Ke6 67.Rc4 Kd5 68.Rc5+ Kd6 69.Rc1  1/2-1/2

[Event "Limpedea Cup"]
[Site "Baia Sprie ROM"]
[Date "2009.05.13"]
[Round "3"]
[White "Varga,Zo"]
[Black "Manea,Al"]
[Result "1-0"]
[WhiteElo "2457"]
[BlackElo "2404"]

1.e4 d5 2.exd5 Qxd5 3.Nc3 Qd6 4.Nf3 Nf6 5.g3 Bg4 6.Bg2 Nc6 7.h3 Bh5 8.O-O a6
9.d3 e6 10.Re1 Bxf3 11.Qxf3 Be7 12.Bg5 Nd8 13.Bxf6 Bxf6 14.Ne4 Qe7 15.c3 Bg5
16.d4 O-O 17.Qh5 Bh6 18.Rad1 a5 19.h4 Ra7 20.d5 e5 21.d6 cxd6 22.Nxd6 Ra6
23.Rxe5 Qf6 24.Ne8 Qb6 25.Rb5 Qa7 26.Rxd8 Re6 27.Bd5 Rg6 28.Kg2 b6 29.Qe5  1-0

[Event "8th Asian Continental Women"]
[Site "Subic Bay PHI"]
[Date "2009.05.14"]
[Round "2"]
[White "Sukandar,I"]
[Black "Munguntuul,B"]
[Result "0-1"]
[WhiteElo "2300"]
[BlackElo "2440"]

1.e4 d5 2.exd5 Qxd5 3.Nc3 Qd6 4.d4 Nf6 5.Nf3 a6 6.g3 Nc6 7.Bg2 Bf5 8.Bf4 Qb4
9.Qd2 O-O-O 10.O-O-O e6 11.h3 Ne4 12.Nxe4 Bxe4 13.Qe3 Bd5 14.a3 Qa4 15.Rhg1 Be7
16.Rd3 Bf6 17.Be5 Bxe5 18.Nxe5 Bxg2 19.Rxg2 Nxd4 20.f4 Rhf8 21.Rgd2 c5 22.Rc3 Kb8
23.Rxc5 Nf5 24.Qc3 f6 25.Nc4 Ne7 26.Nb6 Qe4 27.b3 Qe1+  0-1

[Event "XXVIII Open"]
[Site "Zalakaros HUN"]
[Date "2009.05.14"]
[Round "7"]
[White "Majeric,Z"]
[Black "Kreindl,H"]
[Result "1/2-1/2"]
[WhiteElo "2281"]
[BlackElo "2171"]

1.e4 d5 2.exd5 Qxd5 3.Nc3 Qd6 4.d4 Nf6 5.Nf3 a6 6.Bc4 b5 7.Bb3 e6 8.O-O Bb7
9.Re1 c5 10.dxc5 Qxd1 11.Rxd1 Bxc5 12.Bf4 Nc6 13.Bd6  1/2-1/2

[Event "27th Liechtenstein Open"]
[Site "Triesen LIE"]
[Date "2009.05.15"]
[Round "1"]
[White "Dgebuadze,A"]
[Black "Krumm,J"]
[Result "1-0"]
[WhiteElo "2538"]
[BlackElo "2040"]

1.e4 d5 2.exd5 Qxd5 3.Nc3 Qd6 4.Bc4 Nf6 5.d3 a6 6.Nf3 Bg4 7.h3 Bh5 8.g4 Bg6
9.Be3 Nc6 10.Qe2 e6 11.O-O-O O-O-O 12.Ne4 Qd7 13.Bb3 Na5 14.Kb1 Nxb3 15.axb3 Be7
16.Nxf6 gxf6 17.Bh6 Bf8 18.Bxf8 Rdxf8 19.Nh4 Qd4 20.Rde1 f5 21.Nf3 Qd5 22.Ne5 f6
23.Nc4 fxg4 24.hxg4 Re8 25.f4 h5 26.g5 e5 27.f5 Bxf5 28.gxf6 Bg4 29.Qe3 Rhf8
30.Rhf1 Re6 31.f7 e4 32.dxe4 Qc6 33.Qa7 b5 34.Na5 Qb6 35.Qa8+ Qb8 36.Qd5 Qb6
37.b4 Rd6 38.Qe5 Re6 39.Qg7 Qd6 40.Nc6 Kb7 41.e5 Rg6 42.exd6 Rxg7 43.Re8 Rfxf7  1-0

[Event "27th Liechtenstein Open"]
[Site "Triesen LIE"]
[Date "2009.05.17"]
[Round "3"]
[White "Dgebuadze,A"]
[Black "Foisor,O"]
[Result "1/2-1/2"]
[WhiteElo "2538"]
[BlackElo "2408"]

1.e4 d5 2.exd5 Qxd5 3.Nc3 Qd6 4.d4 Nf6 5.Nf3 a6 6.Bg5 Nbd7 7.Qd2 b5 8.Bf4 Qb6
9.Ne5 Bb7 10.O-O-O Rd8 11.h4 e6 12.Rh3  1/2-1/2

[Event "27th Liechtenstein Open"]
[Site "Triesen LIE"]
[Date "2009.05.18"]
[Round "4"]
[White "Popa,Cl"]
[Black "Foisor,C"]
[Result "1-0"]
[WhiteElo "2218"]
[BlackElo "2423"]

1.e4 d5 2.exd5 Qxd5 3.Nc3 Qd6 4.d4 Nf6 5.Nf3 a6 6.g3 Bg4 7.Bg2 Nc6 8.Bf4 Qe6+
9.Qe2 Bxf3 10.Qxe6 fxe6 11.Bxf3 Nxd4 12.Bxb7 Ra7 13.O-O-O c5 14.Bg2 Ng4 15.Bb8 Rd7
16.Rd2 g6 17.Na4 Bh6 18.f4 Kf7 19.Nxc5 Nb3+ 20.axb3 Rxd2 21.Kxd2 Rxb8 22.Bh3 Rb5
23.Nd3 Nf6 24.Re1 g5 25.Bxe6+ Kf8 26.Bc4 Ra5 27.b4 Rf5 28.g4 Rxf4 29.Nxf4 gxf4
30.h3 f3+ 31.Kd3 Bf4 32.Be6 Bg3 33.Rf1 f2 34.Ke3 Ne8 35.Rxf2+ Bxf2+ 36.Kxf2 Nc7
37.Bf5 h6 38.Be4 Kf7 39.Ke3 Kf6 40.Kd4 Ne6+ 41.Ke3 Ke5 42.Bb7 Nc7 43.c4 Kf6
44.h4 Ke5 45.Bc8 Kf6 46.Ke4 Kg6 47.Ke5 Kf7 48.Bd7 Kg6 49.b5 axb5 50.Bxb5 Kh7
51.b4  1-0

[Event "18th CRO-Cup"]
[Site "Sibenik CRO"]
[Date "2009.05.20"]
[Round "1"]
[White "Zelcic,R"]
[Black "Novak,Rat"]
[Result "1-0"]
[WhiteElo "2555"]
[BlackElo "2230"]

1.e4 d5 2.exd5 Qxd5 3.Nc3 Qd6 4.d4 c6 5.Be3 Nf6 6.Qd2 Bg4 7.f3 Bf5 8.O-O-O Nbd7
9.g4 Bg6 10.h4 h5 11.Bf4 Qb4 12.Bc7 e6 13.Nh3 hxg4 14.Nf4 Bf5 15.a3 Qe7 16.Bd3 Bxd3
17.Nxd3 gxf3 18.Bg3 Nh5 19.Bh2 Nb6 20.Qf2 O-O-O 21.Ne5 Nd5 22.Qxf3 Nhf6 23.Nxd5 Rxd5
24.c4 Rd6 25.Qf4 g6 26.Kb1 Bh6 27.Nxg6 Bxf4 28.Nxe7+ Kd8 29.Bxf4 Kxe7 30.Rdf1 Ne4
31.Bxd6+ Nxd6 32.b3 Nf5 33.Rf4 Rh5 34.Kc2 f6 35.Kd3 b6 36.b4 Ng3 37.Rg1 Nf5
38.Rg8 e5 39.dxe5 fxe5 40.Rfg4 Nxh4 41.R8g5 Rh6 42.Rxe5+ Kd6 43.Reg5 Rh8
44.Rg7 a5 45.Rd4+ Ke6 46.Rc7 Nf3 47.Rxc6+ Kf5 48.Rxb6 Rh3 49.Rb5+ Ne5+ 50.Kc2 axb4
51.axb4 Kf6 52.Rf4+  1-0

[Event "8th Asian Continental Women"]
[Site "Subic Bay PHI"]
[Date "2009.05.21"]
[Round "9"]
[White "Salvador,A"]
[Black "Shamima,A"]
[Result "1-0"]
[WhiteElo "2040"]
[BlackElo "2125"]

1.e4 d5 2.exd5 Qxd5 3.Nc3 Qd6 4.d4 Nf6 5.Nf3 a6 6.Be2 b5 7.Ne5 Bb7 8.Bf3 c6
9.Bf4 Nbd7 10.O-O Nd5 11.Ne4 Qc7 12.Bg3 Nxe5 13.Bxe5 Qb6 14.Re1 e6 15.Bh5 Rg8
16.Bxf7+ Kxf7 17.Qf3+ Ke8 18.Ng5 Nf6 19.Bxf6 gxf6 20.Qxf6 Rxg5 21.Rxe6+ Kd7
22.Qf7+ Kc8 23.Re8+ Qd8 24.Rxd8+ Kxd8 25.Qxf8+ Kc7 26.Qf7+ Kc8 27.Qe8+  1-0

[Event "VI Moncada Open"]
[Site "Santiago de Cuba CUB"]
[Date "2009.05.23"]
[Round "7"]
[White "Guerra Mendez,J"]
[Black "Llamos Lopez,G"]
[Result "1-0"]
[WhiteElo "2411"]
[BlackElo "2245"]

1.e4 d5 2.exd5 Qxd5 3.Nc3 Qd6 4.d4 Nf6 5.Nf3 a6 6.Bd3 Nc6 7.O-O Bg4 8.Ne4 Nxe4
9.Bxe4 e6 10.c3 Bxf3 11.Qxf3 Be7 12.Bf4 Qd7 13.Rad1 O-O 14.d5 exd5 15.Rxd5 Qe6
16.Bf5 Qf6 17.Bg5 Qxg5 18.Bxh7+ Kxh7 19.Rxg5 Bxg5 20.Qf5+ Kg8 21.Qxg5 Rfe8
22.h4 Rad8 23.h5 Rd6 24.b4 Ree6 25.a4 Ne5 26.f4 f6 27.Qf5 Nf7 28.Qc2 Nh6
29.b5 axb5 30.axb5 f5 31.Ra1 Re4 32.Qa2+ Kh7 33.Qa8 b6 34.Qc8 Rd2 35.Ra8 Rd1+
36.Kf2 Ng4+ 37.Kg3 Re3+ 38.Kh4 Rh1+ 39.Kg5  1-0

[Event "27th Liechtenstein Open"]
[Site "Triesen LIE"]
[Date "2009.05.23"]
[Round "9"]
[White "Bezler,R"]
[Black "Foisor,O"]
[Result "1/2-1/2"]
[WhiteElo "2281"]
[BlackElo "2408"]

1.e4 d5 2.exd5 Qxd5 3.Nc3 Qd6 4.d4 Nf6 5.Nf3 a6 6.g3 Bg4 7.Bg2 Nc6 8.O-O O-O-O
9.d5 Nb4 10.h3 Bh5 11.Bf4 Qc5 12.Be3 Qd6 13.Bf4 Qc5 14.Be3 Qd6  1/2-1/2

[Event "ch-UKR w"]
[Site "Evpatoria UKR"]
[Date "2009.05.24"]
[Round "2"]
[White "Dolzhikova,K"]
[Black "Barantseva,A"]
[Result "1-0"]
[WhiteElo "2291"]
[BlackElo "1892"]

1.e4 d5 2.exd5 Qxd5 3.Nc3 Qd6 4.d4 a6 5.g3 Nf6 6.Bf4 Qd8 7.Bg2 c6 8.Qd2 Bf5
9.O-O-O e6 10.a3 Be7 11.Nf3 O-O 12.Ne5 b5 13.Bxc6 Ra7 14.d5 b4 15.axb4 Bxb4
16.Qd4 Qa5 17.Qxa7 Bxc3 18.bxc3 Qxc3 19.Nd3 Nxc6 20.dxc6 Bxd3 21.Rxd3 Qa1+
22.Kd2 Qxh1 23.c7 Qf1 24.Rd8 Ne4+ 25.Ke3 Qxf2+ 26.Kxe4 Qxc2+ 27.Kf3 Qc3+
28.Kg4 Qc4 29.Rxf8+ Kxf8 30.Qb8+  1-0

[Event "18th CRO-Cup"]
[Site "Sibenik CRO"]
[Date "2009.05.24"]
[Round "5"]
[White "Brenc,T"]
[Black "Florjan,M"]
[Result "1/2-1/2"]
[WhiteElo "2093"]
[BlackElo "2004"]

1.e4 d5 2.exd5 Qxd5 3.Nc3 Qd6 4.d4 Nf6 5.Bc4 a6 6.Nge2 Qc6 7.Qd3 Qxg2 8.Rg1 Qh3
9.Rg3 Qf5 10.Bf4 Qxd3 11.Rxd3 Bf5 12.Rd2 Nbd7 13.Nd5 Nxd5 14.Bxd5 c6 15.Bf3 e6
16.Ng3 Bg6 17.a3 Be7 18.c4 Nf6 19.d5 cxd5 20.cxd5 Nxd5 21.Bxd5 exd5 22.Re2 Rd8
23.Rc1 f6 24.Rc7 Rd7 25.Rc8+ Rd8  1/2-1/2

[Event "TOP 16 Poule Basse"]
[Site "Le Port Marly FRA"]
[Date "2009.05.28"]
[Round "8"]
[White "Leclair,M"]
[Black "Dacalor,A"]
[Result "1-0"]
[WhiteElo "1987"]
[BlackElo "2038"]

1.e4 d5 2.exd5 Qxd5 3.Nc3 Qd6 4.d4 Nf6 5.Nf3 c6 6.Be2 Bg4 7.h3 Bh5 8.O-O Nbd7
9.a4 e6 10.Be3 Qc7 11.Qd2 Bd6 12.a5 O-O 13.Rfb1 Nd5 14.Nxd5 exd5 15.Ng5 Bxe2
16.Qxe2 h6 17.Nf3 f5 18.c4 f4 19.Bd2 Rae8 20.Qd3 Nf6 21.c5 Be7 22.a6 b6 23.cxb6 axb6
24.b4 Ne4 25.Be1 b5 26.Rc1 Qb6 27.Ne5 Rf6 28.Nd7 Qa7 29.Nxf6+ Bxf6 30.Rd1 Rb8
31.Ra2 Nd6 32.Bc3 Nc4 33.Re1 Qd7 34.Qg6 Nb6 35.Rae2 Kf8 36.Bd2 Qf7 37.Qxf7+ Kxf7
38.Bxf4 Ra8 39.Be5 Rxa6 40.Bxf6 gxf6 41.Re7+ Kg6 42.Rc7 Nc4 43.Ree7 Nd2 44.g4 Kg5
45.Kg2 Kf4 46.Re6 Ra4 47.Rcxc6 Ne4 48.Rc2 Rxb4 49.f3 Ng5 50.Rxf6+ Ke3 51.h4 Nh7
52.Rf7  1-0

[Event "Subic Open"]
[Site "Subic PHI"]
[Date "2009.05.29"]
[Round "7"]
[White "Yang Kaiqi"]
[Black "Laylo,D"]
[Result "1/2-1/2"]
[WhiteElo "2413"]
[BlackElo "2509"]

1.e4 d5 2.exd5 Qxd5 3.Nc3 Qd6 4.d4 c6 5.Bc4 Nf6 6.Nge2 Nbd7 7.Bf4 e5 8.dxe5 Nxe5
9.Bb3 Qxd1+ 10.Rxd1 Ng6 11.O-O Be7 12.Bc7 O-O 13.h3 Re8 14.Rfe1 Bf8 15.Ng3 Rxe1+
16.Rxe1 Bd7 17.Nce4 Nxe4 18.Nxe4 Re8 19.Re3 h6 20.Nd6 Bxd6 21.Rxe8+ Bxe8
22.Bxd6 Bd7 23.Kf1 Nf8 24.Ke2 Be6 25.c4 g5 26.Kd3 Nd7 27.Bd1 Kg7 28.b4 a6
29.a4 f5 30.a5 Kg6 31.Kd4 h5 32.Be7 g4 33.h4 Kf7 34.Bd6 Nf6 35.f3 Nd7 36.Be2 Kg6
37.b5 cxb5 38.cxb5 axb5 39.Bxb5 gxf3 40.gxf3 Kf7 41.Be2 Nf6 42.Ke5 Nd7+ 43.Kd4 Kg6
44.Be5 Ba2 45.f4 Bb1 46.Bf3 Be4 47.Bxe4 fxe4 48.Kxe4 Nc5+ 49.Kd5 Nb3 50.Bc7 Kf5
51.Kc4 Nd2+ 52.Kb5 Kg4 53.Bd8 Ne4 54.Bg5 Nd6+ 55.Kb6 Nc4+ 56.Kb5 Nd6+ 57.Kc5 Nc8
58.Kd4 Na7 59.Kd5 Nc6 60.Ke6 Nd4+ 61.Kf6 Nc6 62.Ke6 Nd4+ 63.Ke5 Nc6+ 64.Ke6  1/2-1/2

[Event "3rd ENCI Limburg Open"]
[Site "Maastricht NED"]
[Date "2009.05.30"]
[Round "3"]
[White "Laarhoven,T"]
[Black "Stopa,Ja"]
[Result "1/2-1/2"]
[WhiteElo "2227"]
[BlackElo "2471"]

1.e4 d5 2.exd5 Qxd5 3.Nc3 Qd6 4.d4 Nf6 5.Nf3 c6 6.g3 Bf5 7.Bg2 e6 8.O-O Nbd7
9.a3 Qc7 10.Bf4 Bd6 11.Ne2 O-O 12.c4 Rad8 13.Qb3 Bxf4 14.Nxf4 Be4 15.Rad1 Nb6
16.Qc3 Na4 17.Qb3 Nb6 18.Qc3 c5 19.b3 cxd4 20.Nxd4 Bxg2 21.Nxg2 Qc5 22.Nc2 Ne4
23.Qe1 Rxd1 24.Qxd1 Qg5 25.Re1 Rd8 26.Qf3 Nd2 27.Qxb7 Qf5 28.Rc1 Nxb3 29.Nge3 Qa5
30.Rb1 Nd2 31.Rb5 Qa4 32.Rb4 Qa5 33.Rb5 Qa4 34.Rb4 Qa5 35.Qc7 Qg5 36.Qxa7 Nbxc4
37.Rb8 Nf3+ 38.Kg2 Nxe3+ 39.Nxe3 Nh4+ 40.Kf1 Ng6 41.Qb6 Rxb8 42.Qxb8+ Nf8
43.a4 Qa5 44.Qe8 Qa6+ 45.Kg1 h5 46.h4 g6 47.Kg2 Kg7 48.Qb5 Qxb5 49.axb5 Kf6
50.Nc4 e5 51.f4 exf4 52.gxf4 Ke6 53.b6 f6 54.Kf3 Nd7 55.Ke4 Nc5+ 56.Kd4 Nb7
57.Ke4 Nc5+ 58.Kd4 Nb7 59.Ke4 Nc5+  1/2-1/2

[Event "3rd ENCI Limburg Open"]
[Site "Maastricht NED"]
[Date "2009.06.01"]
[Round "7"]
[White "Christensen,K"]
[Black "Springelkamp,H"]
[Result "1/2-1/2"]
[WhiteElo "2094"]
[BlackElo "1981"]

1.e4 d5 2.exd5 Qxd5 3.Nc3 Qd8 4.Bc4 Nf6 5.h3 c6 6.Nf3 Bf5 7.d3 h6 8.Ne5 e6
9.Qe2 Qe7 10.O-O Nbd7 11.Bf4 g5 12.Bh2 h5 13.Nxd7 Nxd7 14.Ne4 Bxe4 15.Qxe4 Bg7
16.c3 g4 17.hxg4 Nf6 18.Qf4 Nxg4 19.Qc7 Nxh2  1/2-1/2